000 00752nam a2200253 a 4500
001 62318
003 BD-RjUL
005 20211209081053.0
008 170123s1971 enk b 001 0 eng
020 _a0713155795
035 _a(BD-RjUL)62444
040 _aDLC
_cDLC
_dBD-RjUL
_beng
041 _aeng
082 0 0 _a809.915
_223
_bPIV 1971
100 1 _aPiehler, Paul.
_9185355
245 1 4 _aThe visionary landscape :
_ba study in medieval allegory /
_cPaul Piehler
260 _aLondon :
_bEdward Arnold,
_cc1971.
300 _a170 p. ;
_c23 cm.
350 _a£2.75
504 _aIncludes bibliographical references and index
650 0 _aLiterature, Medieval
_xHistory and criticism.
_9185356
650 0 _aAllegory.
_9185357
942 _2ddc
_cBK
999 _c62318
_d62318